000 00539nam a2200169 i 4500
001 21088
003 ES-MaACL
005 20230906152420.0
007 t|
008 021121s1950 sp ||||1| spa d
100 1 _aAgenjo Cecilia, César.
_918548
245 1 0 _aEnciclopedia de avicultura /
_cCésar Agenjo Cecilia ; introducción histórica por C. Sanz Egaña.
260 _aMadrid :
_bEspasa-Calpe,
_c1950.
300 _aXIX, 772 p., 4 lám. col. ;
_c28 cm.
700 1 _aSanz Egaña, C.
_9103635
852 _aES-MaACL
_jD-7054
_bR.31477
999 _c21088
_d21088